000 00935nam a2200241 i 4500
001 169349
003 ES-MaACL
005 20250817152142.0
007 t|
008 080902s1993 sp b |||| | spa d
020 _a84-7812-226-5
080 _a017.1(460.27 M.)
080 _a012Gómez de la Serna, Ramón
110 2 _aBiblioteca Histórica Municipal de Madrid.
_92178
245 1 0 _aRamón en la Biblioteca Histórica Municipal
_b: 30 aniversario de Ramón Gómez de la Serna (1888-1963).
260 _aMadrid :
_bBiblioteca Histórica Municipal,
_c1993 (
_fImp. Artesanal del Ayuntamiento de Madrid)
300 _a[16] p. ;
_c22 cm.
600 1 7 _aGómez de la Serna, Ramón,
_d1888-1963-
_xBibliografías
_2
_9138429
610 2 7 _aBiblioteca Histórica Municipal de Madrid-
_vCatálogos.
_92179
710 2 _aImprenta Artesanal del Ayuntamiento de Madrid
_9151333
852 _aES-MaACL
_j2234-F-10
999 _c169349
_d169349